Tilastot visalle Filippiinit-visa

Klikkaa tästä pelataksesi tätä visaa!

Yleistilastot

  • Tätä visaa on pelattu 95 kertaa
  • Keskiarvotulos 9 / 19

Vastaustilastot

VihjeVastaus% Oikein
PääkaupunkiManila
97%
Filippiinit miehittäneet valtiotJapani
81%
Filippiinit miehittäneet valtiotYhdysvallat
72%
Filippiinit miehittäneet valtiotEspanja
70%
Vuonna 2013 vahinkoa aiheuttanut
luonnonkatastrofi
Taifuuni
54%
Puhutuin kieliFilipino (Tagalog)
54%
Väkirikkain kaupunki
(osa ylläolevan metroaluetta)
{Quezon} City
49%
Suurimmat saaretLuzon
48%
Suurimmat saaretMindanao
43%
Toiseksi suurin metroalueCebu
43%
Aiempi ensimmäinen nainen / kenkienkerääjäImelda Marcos
42%
Vuonna 1991 purkautunut tulivuori,
suurin purkaus 108 vuoteen
Pinatubo
36%
Filippiineillä vuonna 1521 kuollut
tutkimusmatkailija
Fernão de Magalhães
36%
Yhdysvaltain kenraali, joka oli myös
sotamarsalkka Filippiinien armeijassa
Douglas MacArthur
35%
Ristiriitainen nykyinen presidenttiRodrigo Duterte
35%
Suurimmat saaretNegros
30%
Nyrkkeilijä, joka oli maailmanmestari
kahdeksassa luokassa
Manny Pacquiao
28%
Ruskeiksi kuivalla kaudella muuttuvat kukkulat{Suklaa}kukkulat
26%
Suurimmat saaretSamar
22%

Tulosjakauma

Persentiili vastausten määrän mukaan

Jokaisen tuloksen saaneiden osuus

Tuloshistoriasi

Et ole pelannut tätä visaa